000 00619nam a2200229Ia 4500
005 20250326144052.0
008 250326s9999 xx 000 0 und d
020 _a978-81-317-1683-0
037 _aTextbook
040 _aFMSL
_beng
_cFMSL
041 _aeng
_2eng
084 _aX:51 P9;9
_qFMSL
100 _aKotler Philip Au.
245 0 _aMarketing management
_cKotler Philip And Others Au.
250 _a13
260 _aNew Delhi
_bNew Delhi, Pearson Education
_c2009
300 _axlvii, 128
365 _b575
650 _aMarketing
942 _cTB
_hX:51 P9;9
999 _c1302232
_d1302232